Sports Quiz

Random Sports or Cricket Quiz

Test Match Wicket Takers Quiz Stats

 Plays Quiz not verified by Sporcle

Challenge
Share
Tweet
Embed
Score 0/25 Timer 05:00
0 Plays Today
Wickets Player % Correct
708Shane Warne
100%
563Glenn McGrath
97.3%
519Courtney Walsh
97.3%
800Muttiah Muralitharan
96%
619Anil Kumble
93.3%
405Curtly Ambrose
93.3%
421Shaun Pollock
92%
414Wasim Akram
90.7%
383Ian Botham
90.7%
345*Daniel Vettori
90.7%
393*Harbhajan Singh
89.3%
362Imran Khan
88%
390Makhaya Ntini
86.7%
Wickets Player % Correct
434Kapil Dev
85.3%
431Richard Hadlee
85.3%
330Allan Donald
85.3%
355Chaminda Vaas
82.7%
373Waqar Younis
80%
376Malcolm Marshall
76%
355Dennis Lillee
76%
310Brett Lee
74.7%
325Bob Willis
73.3%
307Fred Trueman
64%
297Derek Underwood
58.7%
309Lance Gibbs
52%

You're not logged in!

Compare scores with friends on all Sporcle quizzes.
OR
Log In

You Might Also Like...

Show Comments

Extras

Created Feb 18, 2011SourceReportNominate
Tags:Cricket Quiz

Top Quizzes Today


Score Distribution

Your Account Isn't Verified!

In order to create a playlist on Sporcle, you need to verify the email address you used during registration. Go to your Sporcle Settings to finish the process.

Report this User

Report this user for behavior that violates our Community Guidelines.

Details: